Understanding international relations theoretically / (Record no. 142773)

MARC details
000 -LEADER
fixed length control field 00624nam a22001937a 4500
005 - DATE AND TIME OF LATEST TRANSACTION
control field 20170721144921.0
010 ## - LCCN (DPL NO)
LC control number ENG-119277
020 ## - INTERNATIONAL STANDARD BOOK NUMBER
International Standard Book Number 9788180642210
Terms of availability 200.00
035 ## - SYSTEM CONTROL NUMBER
System control number EN-102809
037 ## - SOURCE OF ACQUISITION
Source of stock number/acquisition DBAD/PUB
082 ## - DEWEY DECIMAL CLASSIFICATION NUMBER
Classification number 320.8095415
100 ## - MAIN ENTRY--PERSONAL NAME
Personal name Chakarbarti,Radharaman
245 ## - TITLE STATEMENT
Title Understanding international relations theoretically /
Statement of responsibility, etc by Radharaman Chakarbarti
260 ## - PUBLICATION, DISTRIBUTION, ETC. (IMPRINT)
Name of publisher, distributor, etc Progressive Publishers
Place of publication, distribution, etc Kolkata
Date of publication, distribution, etc 2016
270 ## - ADDRESS
Address 37A,College Street
City Kolkata
Postal code 700073
300 ## - PHYSICAL DESCRIPTION
Extent 303p. :
Dimensions 22cm (pbk)
Other physical details ill.
500 ## - GENERAL NOTE
General note Includes references and index
942 ## - ADDED ENTRY ELEMENTS (KOHA)
Source of classification or shelving scheme Dewey Decimal Classification
Item type English Books
Classification part 320.8095415
Call number suffix CHA
Holdings
Withdrawn status Lost status Not for loan Collection code Home library Current library Date acquired Source of acquisition Cost, normal purchase price Full call number Barcode Copy number Cost, replacement price Koha item type
    Not For Loan Non-fiction D.B.Act.Division Bawana 21/07/2017 DBAD/PUB 200.00 320.8095415 CHA EN-102809 1 200.00 English Books

© Delhi Public Library
Hit Counter
free hit counter